Nové podmienky výchovy a vzdelávania detí, žiakov a študentov so špeciálnymi výchovno-vzdelávacími potrebami : zborník z medzinárodnej špeciálnopedagogickej konferencie konanej pri príležitosti Európskeho roka ľudí so zdravotním postihnutím, ktorá sa uskutočnila v Liptovskom Mikuláši v roku 2003 /

Saved in:
Bibliographic Details
Other Authors: Lechta, Viktor, 1948- (Compiler), Hučík, Ján (Compiler)
Format: Book
Language:Slovak
Published: Martin : Osveta, 2003.
Edition:[1. vyd.]
Series:Efeta
Subjects:
ISBN: 8080631409 (brož.)
Physical Description: 160 s. : grafy, obr., tab. ; 30 cm.
Tags: Add Tag

MARC

LEADER 00000nam a2200000 a 4500
001 000001021
005 20100520081541.0
008 040331s2003 xo a e b 000 0 slo d
020 |a 8080631409 (brož.) 
040 |a SVKKK  |b slo  |c SVKKK  |e AACR2 
041 0 |a slo 
044 |a xo  |c SK 
072 7 |a 376  |x Výchova a vzdelávanie zvláštnych skupín osôb  |2 konspekt 
080 |a 376  |2 2001 
080 |a (062.534)  |2 2001 
245 0 0 |a Nové podmienky výchovy a vzdelávania detí, žiakov a študentov so špeciálnymi výchovno-vzdelávacími potrebami :  |b zborník z medzinárodnej špeciálnopedagogickej konferencie konanej pri príležitosti Európskeho roka ľudí so zdravotním postihnutím, ktorá sa uskutočnila v Liptovskom Mikuláši v roku 2003 /  |c zostavili: Viktor Lechta, Ján Hučík. 
250 |a [1. vyd.] 
260 |a Martin :  |b Osveta,  |c 2003. 
300 |a 160 s. :  |b grafy, obr., tab. ;  |c 30 cm. 
440 0 |a Efeta 
504 |a Obsahuje bibliografické odkazy 
650 0 7 |a špeciálna pedagogika  |2 SVKKKPH 
655 7 |a zborníky  |2 SVKKKPH 
700 1 |a Lechta, Viktor,  |d 1948-  |4 com 
700 1 |a Hučík, Ján  |4 com 
919 |a 80-8063-140-9 
998 |a BK 
090 |g SCKHL  |k Sklad Hlavná 10 prízemie  |a V.211086  |j 960483  |i 2720449713  |s Absenčne 
090 |g SCKHL  |k Sklad Hlavná 10 prízemie  |a V.224108  |j 1019285  |i 2720180591  |s Absenčne 
090 |g SCKHL  |k Sklad Hlavná 10 prízemie  |a V.224109  |j 1019286  |i 2720180592  |s Absenčne